Skip to content
VuFind
All Fields
Title
Author
Subject
Call Number
ISBN/ISSN
Tag
Find
Advanced
Complete book of insults,boats...
Cite this
Print
Export Record
Export to RefWorks
Export to EndNoteWeb
Export to EndNote
Export to MARC
Export Ready —
Complete book of insults,boats,and riddles
Bibliographic Details
Format:
Book
Holdings
Description
Similar Items
Staff View
MARC
LEADER
00000cam a2200000 7i4500
001
0000008988
002
000009789
005
20000330.0
020
|a
0131574795
090
0
0
|a
817.54
|b
ROY
245
1
0
|a
Complete book of insults,boats,and riddles
999
|a
017307
|b
BUKU
|c
PINJAMAN
|e
PERPUSTAKAAN KOMUNITI PETALING JAYA
Similar Items
Encylopedia Of Ad Libs,Crazy Jokes,Insults And Wisecracks
Complete speaker's galaxy of funny stories,jokes and anecdotes
by: Pendleton, Winston K
Published: (1979)
5,000 one and two liners for any and every occasion
by: Fechtner, Leopold
Published: (1987)
Stupid white men
by: Moore, Michael
Published: (2002)
Chicken Soup for the Soul Too Funny ! : 101 Hilarious Stories to Brighten Your Days
by: Newmark, Amy
Published: (2022)